000 00885nam a2200205Ia 4500
008 0000001995 usa 0000000000eng00
090 _aPPR00 R61r
100 1 _aRocheRabell, Arnaldo
_d1955
245 1 0 _aArnaldo RocheRabell
_b: recent works
_c/ curator Guillermo Serrano
300 _a[6] p.
_c/ 23 cm.
500 _aExposición realizada en Elite Fine Art José MartínezCañas, Coral Gables, Florida, 526 mayo, 1995 \ Texto en inglés \ Con el patronazgo del maestro venezolano Jesús Rafael Soto (q.e.p.d.)
600 0 0 _a ROCHERABELL, ARNALDO, 1955 /
_xTRABAJOS PICTORICOS
650 1 4 _a PINTURA PUERTORRIQUEÑA
650 1 4 _aARTE CONTEMPORANEO PUERTORRIQUEÑO
650 1 4 _xCATALOGOS
650 1 4 _xEXPOSICIONES
650 1 4 _aPINTORES PUERTORRIQUEÑOS
700 1 _aSerrano, Guillermo
999 _c4707
_d4707
260 _aCoral Gables : Elite Fine Art Jose MartinezCañas
_c1995